| 000 | 00563nam a2200181Ia 4500 | ||
|---|---|---|---|
| 999 |
_c23208 _d23208 |
||
| 003 | OSt | ||
| 005 | 20200512125528.0 | ||
| 008 | 190216s9999||||xx |||||||||||||| ||und|| | ||
| 020 | _a8171511228 | ||
| 040 | _coclc | ||
| 082 |
_a297.63 _bPIC/A |
||
| 100 |
_aPickthall, Muhammad Marmaduke _92151 |
||
| 245 | 0 |
_aAl-Amin : _b A Life-Sketch Of The Prophet Muhammed / _cMarmaduke Muhammad Pickthall |
|
| 260 |
_bKitabbhavan, _c2003. _aNew Delhi: |
||
| 300 | _a64p | ||
| 650 | _aIslamic History | ||
| 942 |
_cBK _2ddc _h297.63 _iPIC/A _k297.63 _mPIC/A |
||